Traduction en Anglais - Thème Guerre - Statistiques

Statistiques générales
  • Ce quiz a été pris 59 fois
  • Le résultat moyen est 36 sur 149
Statistiques - réponses
Français Anglais % Correct
Armée Army
79%
Bombe Bomb
79%
Arme Weapon
79%
Attaque Attack
75%
Balle Bullet
68%
Bunker Bunker
68%
Capitaine Captain
68%
Couteau Knife
68%
Arc Bow
64%
Défense Defense
61%
Dynamite Dynamite
57%
Espion Spy
57%
Gagner Win
57%
Bataille Battle
54%
Ordre Order
54%
Tank Tank
54%
Victoire Victory
54%
Guerre War
54%
Crime de guerre War crime
54%
Canon Cannon
50%
Défendre Defend
50%
Drone Drone
50%
Casque Helmet
50%
Pilote Pilot
50%
Uniforme Uniform
50%
Flèche Arrow
46%
Attaquer Attack
46%
Détruire Destroy
46%
Général General
46%
Prisonnier Prisoner
46%
Résistance Resistance
46%
Bouclier Shield
46%
Capturer Capture
43%
Hélicoptère Helicopter
43%
Invasion Invasion
43%
Drone militaire Military drone
43%
Bombes nucléaires Nuclear bombs
43%
Stratégie Strategy
43%
Épée Sword
43%
Zone de guerre War zone
43%
Conflit Conflict
39%
Défaite Defeat
39%
Grenade Grenade
39%
Cocktail Molotov Molotov cocktail
39%
Occupation Occupation
39%
Fusée Rocket
39%
Déserter Desert
36%
Ennemis Enemies
36%
Occuper Occupy
36%
Offensive Offensive
36%
Réfugié Refugee
36%
Tirer Shoot
36%
Sous-marin Submarine
36%
Survivre Survive
36%
Tactique Tactic
36%
Conquérir Conquer
32%
Exploser Explode
32%
Envahir Invade
32%
Jeep militaire Military jeep
32%
Revolver Revolver
32%
Sabre Sabre
32%
Bombarder Bomb
29%
Déployer Deploy
29%
Patrouille Patrol
29%
Patrouiller Patrol
29%
Gaz toxique Toxic gas
29%
Trahir Betray
25%
Bombardement Bombing
25%
Explosif Explosive
25%
Fortification Fortification
25%
Réparer Repair
21%
Tireur d’élite Sniper
21%
Cessez-le-feu Ceasefire
18%
Masque à gaz Gas mask
18%
Machette Machete
18%
Renforcer Reinforce
18%
Traité Treaty
18%
Navire de guerre Warship
18%
Plan d'attaque Attack plan
14%
Armes biologiques Biological weapons
14%
Bombardier Bomber
14%
Armes chimiques Chemical weapons
14%
Dommages collatéraux Collateral damage
14%
Dague Dagger
14%
Mitrailleuse Machine gun
14%
Marine Navy
14%
Pistolet Pistol
14%
Se rendre Surrender
14%
S’allier à Ally with
11%
Embuscade Ambush
11%
Mener une attaque Lead an attack
11%
Tranchée Trench
11%
Frappe aérienne Air strike
7%
Camouflage Camouflage
7%
Arbalète Crossbow
7%
Vaincre Defeat
7%
Armes à feu Firearms
7%
Infanterie Infantry
7%
Lancer (une offensive) Launch
7%
Négocier Negotiate
7%
Parer Parry
7%
Fusil Rifle
7%
Lance-roquettes Rocket launcher
7%
Torpille Torpedo
7%
Violer un traité Violate a treaty
7%
Avancer Advance
4%
Système de défense aérienne Air defense system
4%
Munitions Ammunition
4%
Fusil d'assaut Assault rifle
4%
Baïonnette Bayonet
4%
Gilet pare-balles Bulletproof vest
4%
Tirer sur Fire at
4%
Lance-flammes Flamethrower
4%
Front Front line
4%
Lance-grenades Grenade launcher
4%
Lance-missiles Missile launcher
4%
Mortier Mortar
4%
Fusil de sniper Sniper rifle
4%
Trêve Truce
4%
Se replier Withdraw
4%
Porte-avions Aircraft carrier
0%
Canon anti-aérien Anti-aircraft gun
0%
Véhicule blindé Armored vehicle
0%
Hélicoptère de combat Attack helicopter
0%
Assiéger Besiege
0%
Carabine Carbine
0%
Riposter Counterattack
0%
Désarmement Disarmament
0%
Encerclement Encirclement
0%
Livrer bataille Fight a battle
0%
Avion de chasse Fighter jet
0%
Flanc Flank
0%
Guérilla Guerrilla warfare
0%
Lance-harpon Harpoon launcher
0%
Mines terrestres Landmines
0%
Tirer un missile Launch a missile
0%
Arme blanche Melee weapon
0%
Parachutistes Paratroopers
0%
Pourparlers de paix Peace talks
0%
Piller Plunder
0%
Reculer Retreat
0%
Renvoyer un tir Return fire
0%
S'emparer de Seize
0%
Lance-pierre Slingshot
0%
Grenade fumigène Smoke grenade
0%
Prendre d’assaut Storm
0%
Mitraillette Submachine gun
0%
Gaz lacrymogène Tear gas
0%
Guerre de tranchées Trench warfare
0%
Aucun quiz correspondant
Distribution des résultats
% des personnes avec chaque résultat
Percentile par nombre de réponses
Votre historique - résultats
Vous n’avez pas pris ce quiz